000 00445nam a2200157 a 4500
020 _a9711041448
040 _cDLC
082 0 0 _a633 INT 1985 A041 Or.
245 0 0 _aImpact of science on rice.
260 _aManila, Philippines :
_bInternational Rice Research Institute,
_c1985.
300 _axviii, 303 p. :
_bill. (some col.) ;
_c23 cm.
650 0 _aRice.
650 0 _aRice
710 2 _aInternational Rice Research Institute.
942 _cEK
999 _c12099
_d12099